[Event "Russia vs China (Rapid)"]
[Site "Sochi RUS"]
[Date "2009.08.21"]
[EventDate "2009.08.21"]
[Round "3"]
[Result "1-0"]
[White "Nikita Vitiugov"]
[Black "Ding Liren"]
[WhiteElo "2681"]
[BlackElo "2530"]
[PlyCount "156"]

1. e4 e6 2. d4 d5 3. Nc3 Nf6 4. e5 Nfd7 5. f4 c5 6. Nf3 Nc6
7. Be3 a6 8. Qd2 b5 9. a3 Bb7 10. Bd3 Qc7 11. dxc5 Nxc5
12. Qf2 Nxd3+ 13. cxd3 b4 14. Bb6 Qb8 15. Na4 Be7 16. O-O O-O
17. Bc5 Bxc5 18. Qxc5 Qa7 19. Qxa7 Rxa7 20. Rfc1 a5 21. Nc5
bxa3 22. bxa3 Ba8 23. Rab1 Rc8 24. Na4 Bb7 25. Rb6 Ne7
26. Rxc8+ Nxc8 27. Rb3 Bc6 28. Nc5 Be8 29. Rb8 Rc7 30. d4 Kf8
31. Kf2 Na7 32. Ke3 Nb5 33. a4 Na3 34. Kd3 Ke7 35. Nd2 f6
36. Ra8 fxe5 37. fxe5 Bg6+ 38. Kc3 Nc2 39. Rxa5 Ne3 40. Ra6
Kf7 41. g3 Ng4 42. Nf3 h6 43. Kb4 Be4 44. Nd2 Nxh2 45. Ndxe4
dxe4 46. Nxe4 Nf3 47. Rd6 h5 48. Nc5 Re7 49. a5 g5 50. d5 h4
51. gxh4 gxh4 52. dxe6+ Kg6 53. Rd3 Nxe5 54. Ra3 Nc6+ 55. Kc4
Rh7 56. Kd5 Ne7+ 57. Ke5 Rh5+ 58. Kd6 Nc8+ 59. Kc6 h3 60. Ra1
Ne7+ 61. Kd6 Nc8+ 62. Kc6 Kf6 63. Rf1+ Ke7 64. Rf7+ Ke8
65. Rf1 Ne7+ 66. Kb6 Nc8+ 67. Kc6 Ne7+ 68. Kb5 Nc8 69. a6 h2
70. Rh1 Kd8 71. Kc6 Ne7+ 72. Kb7 Rxc5 73. a7 Rc7+ 74. Ka6 Rc6+
75. Kb5 Rc8 76. Rxh2 Kc7 77. Ka6 Re8 78. Rd2 Kc6 1-0

[Event "Russia vs China (Rapid)"]
[Site "Sochi RUS"]
[Date "2009.08.21"]
[EventDate "2009.08.21"]
[Round "4"]
[Result "1/2-1/2"]
[White "Ding Liren"]
[Black "Artyom Timofeev"]
[WhiteElo "2530"]
[BlackElo "2681"]
[PlyCount "60"]

1. Nf3 c5 2. g3 g6 3. Bg2 Bg7 4. O-O Nc6 5. c4 e6 6. Nc3 Nge7
7. a3 O-O 8. b4 b6 9. Rb1 d6 10. e3 Bb7 11. d4 cxd4 12. exd4
Rc8 13. Qd3 Qd7 14. Bb2 Nf5 15. d5 Ne5 16. Nxe5 dxe5 17. Rfd1
Rfd8 18. Qf1 Ba8 19. dxe6 Qxe6 20. Rxd8+ Rxd8 21. Nd5 Rc8
22. Rd1 h5 23. Qe2 Kh7 24. Re1 b5 25. Bxe5 Rxc4 26. Nf6+ Bxf6
27. Bxa8 Nd4 28. Bxd4 Qxe2 29. Rxe2 Rxd4 30. Bc6 a6 1/2-1/2

[Event "Russia vs China (Rapid)"]
[Site "Sochi RUS"]
[Date "2009.08.21"]
[EventDate "2009.08.21"]
[Round "5"]
[Result "1/2-1/2"]
[White "Vladimir Malakhov"]
[Black "Ding Liren"]
[WhiteElo "2707"]
[BlackElo "2530"]
[PlyCount "65"]

1. c4 g6 2. Nc3 Bg7 3. g3 d6 4. Bg2 e5 5. Nf3 f5 6. O-O Nc6
7. Rb1 a5 8. a3 Nf6 9. d3 O-O 10. b4 axb4 11. axb4 h6 12. b5
Ne7 13. Nd2 c6 14. Bb2 d5 15. Ra1 Rxa1 16. Qxa1 e4 17. Nb3 Qe8
18. Qa7 Rf7 19. Na5 d4 20. Na4 cxb5 21. Nb6 Nc6 22. Qa8 Be6
23. Nxc6 bxc6 24. cxb5 Qxa8 25. Nxa8 cxb5 26. Bxd4 exd3
27. exd3 Rd7 28. Be5 Rxd3 29. Nc7 Bc4 30. Rb1 Ng4 31. Bxg7
Kxg7 32. h3 Ne5 33. Nxb5 1/2-1/2

[Event "Russia vs China (Rapid)"]
[Site "Sochi RUS"]
[Date "2009.08.22"]
[EventDate "2009.08.21"]
[Round "6"]
[Result "0-1"]
[White "Ding Liren"]
[Black "Evgeny Tomashevsky"]
[WhiteElo "2530"]
[BlackElo "2689"]
[PlyCount "162"]

1. d4 Nf6 2. c4 e6 3. Nf3 b6 4. g3 Bb7 5. Bg2 Be7 6. Nc3 O-O
7. Bf4 Bb4 8. Rc1 d6 9. O-O Bxc3 10. Rxc3 Nbd7 11. b3 Qe7
12. Bc1 h6 13. Re1 a5 14. Bb2 Be4 15. Nh4 Bxg2 16. Kxg2 d5
17. cxd5 Nxd5 18. Rc1 c5 19. Nf3 Rfd8 20. e4 N5f6 21. a4 Rac8
22. d5 exd5 23. e5 Nh7 24. Qxd5 Ndf8 25. Qe4 Ng5 26. Nxg5 hxg5
27. Rcd1 Ne6 28. Bc3 Rd7 29. Rxd7 Qxd7 30. Re2 c4 31. Rd2 Qe8
32. Bd4 cxb3 33. Bxb6 Rb8 34. Rd6 Qc8 35. Be3 b2 36. Qb1 g4
37. h3 gxh3+ 38. Kh2 Qc3 39. Kxh3 Qxe5 40. Rd2 g6 41. Kg2 Qf5
42. Rd1 Qg4 43. Rd2 Qb4 44. Re2 Qb7+ 45. Kg1 Qb3 46. Kg2 Qa3
47. Ba7 Rb7 48. Rxe6 fxe6 49. Qxg6+ Kf8 50. Qf6+ Ke8 51. Qxe6+
Qe7 52. Qg8+ Kd7 53. Qd5+ Kc8 54. Qc6+ Qc7 55. Qe8+ Qd8
56. Qc6+ Rc7 57. Qa6+ Kd7 58. Qb5+ Ke6 59. Qe2+ Kf7 60. Qh5+
Kg8 61. Qg6+ Rg7 62. Qe6+ Kh8 63. Qh6+ Kg8 64. Qe6+ Kh7
65. Qh3+ Kg6 66. Qe6+ Kh7 67. Qh3+ Kg6 68. Qe6+ Qf6 69. Qxf6+
Kxf6 70. Bd4+ Ke6 71. Bxb2 Rc7 72. g4 Rc4 73. Kg3 Rxa4 74. f4
Rb4 75. f5+ Kf7 76. Be5 Rb5 77. Kf4 a4 78. Bc3 Rb3 79. Ba1
Rb4+ 80. Kg5 a3 81. Kh5 Rb1 0-1

[Event "Russia vs China (Rapid)"]
[Site "Sochi RUS"]
[Date "2009.08.22"]
[EventDate "2009.08.21"]
[Round "7"]
[Result "1-0"]
[White "Ian Nepomniachtchi"]
[Black "Ding Liren"]
[WhiteElo "2632"]
[BlackElo "2530"]
[PlyCount "97"]

1. e4 e6 2. d4 d5 3. Nc3 dxe4 4. Nxe4 Nd7 5. Nf3 Ngf6 6. Bg5
h6 7. Nxf6+ Nxf6 8. Be3 Nd5 9. Bd2 c5 10. Ne5 a6 11. c3 cxd4
12. Qa4+ Bd7 13. Qxd4 Rc8 14. Nxd7 Qxd7 15. g3 f5 16. Bg2 Bc5
17. Qd3 b5 18. O-O Kf7 19. a4 Rhd8 20. axb5 axb5 21. Qe2 Nf6
22. Rfd1 Qd3 23. Qxd3 Rxd3 24. Bf1 Rd6 25. Be1 Rxd1 26. Rxd1
Rb8 27. b4 Be7 28. Ra1 Ne4 29. f3 Nd6 30. Ra7 Rc8 31. Bf2 Rxc3
32. Bc5 Ke8 33. Bxb5+ Nxb5 34. Rxe7+ Kd8 35. Rxe6 Rxf3 36. Rg6
f4 37. Kg2 Rd3 38. gxf4 Rd7 39. Kf3 Ke8 40. Rb6 Nc3 41. Rd6
Rb7 42. f5 Kf7 43. Rd8 g5 44. Rf8+ Kg7 45. f6+ Kh7 46. Kg4 Nd5
47. Kf5 Nxb4 48. f7 Kg7 49. Ke4 1-0

[Event "Russia vs China (Rapid)"]
[Site "Sochi RUS"]
[Date "2009.08.22"]
[EventDate "2009.08.21"]
[Round "8"]
[Result "1/2-1/2"]
[White "Ding Liren"]
[Black "Nikita Vitiugov"]
[WhiteElo "2530"]
[BlackElo "2681"]
[PlyCount "71"]

1. d4 Nf6 2. Nf3 c5 3. d5 g6 4. Nc3 Bg7 5. e4 d6 6. h3 O-O
7. Bg5 h6 8. Be3 Na6 9. Qd2 Kh7 10. g4 Nc7 11. g5 hxg5
12. Nxg5+ Kg8 13. Bg2 b5 14. Ne2 Nh5 15. Bf3 Nf6 16. h4 Bg4
17. Ng3 Bxf3 18. Nxf3 Ng4 19. h5 b4 20. Rb1 e6 21. Bg5 f6
22. h6 fxg5 23. hxg7 Kxg7 24. Qxg5 Qxg5 25. Nxg5 exd5 26. Rh7+
Kf6 27. f4 Ne6 28. Nxe6 Kxe6 29. f5+ gxf5 30. exf5+ Kf6
31. Ke2 Rh8 32. Rbh1 Rxh7 33. Rxh7 Kg5 34. Rg7+ Kf4 35. Nh5+
Kxf5 36. Ng3+ 1/2-1/2

[Event "Russia vs China (Rapid)"]
[Site "Sochi RUS"]
[Date "2009.08.22"]
[EventDate "2009.08.21"]
[Round "9"]
[Result "1/2-1/2"]
[White "Artyom Timofeev"]
[Black "Ding Liren"]
[WhiteElo "2681"]
[BlackElo "2530"]
[PlyCount "116"]

1. e4 e6 2. d4 d5 3. Nd2 c5 4. exd5 Qxd5 5. Ngf3 cxd4 6. Bc4
Qd6 7. Bb3 Nc6 8. Nc4 Qd8 9. O-O Nf6 10. Qe2 d3 11. cxd3 Be7
12. d4 O-O 13. Nce5 Nxd4 14. Nxd4 Qxd4 15. Bg5 Nd5 16. Rfd1
Qb4 17. Bxe7 Nxe7 18. Rac1 Nc6 19. Nxc6 bxc6 20. Rxc6 Bb7
21. Qc4 Qxc4 22. Rxc4 Bd5 23. Rc3 Bxb3 24. Rxb3 Rfb8 25. Rxb8+
Rxb8 26. b3 g5 27. Kf1 a5 28. Rd4 h5 29. f3 Kg7 30. h4 Rb5
31. hxg5 Rxg5 32. a4 Kf6 33. b4 axb4 34. Rxb4 Ra5 35. Ke2 e5
36. Kd3 Kf5 37. Kc3 Ra8 38. Re4 f6 39. Kb3 Rb8+ 40. Ka3 Rg8
41. Re2 Kf4 42. a5 f5 43. Kb4 Ra8 44. Ra2 e4 45. fxe4 fxe4
46. a6 e3 47. Kc3 e2 48. Kd2 Kg3 49. Kxe2 Kxg2 50. Ke3+ Kg3
51. a7 h4 52. Ra6 Re8+ 53. Kd2 h3 54. a8=Q Rxa8 55. Rxa8 h2
56. Rg8+ Kf2 57. Rh8 Kg2 58. Rxh2+ Kxh2 1/2-1/2

[Event "Russia vs China (Blitz)"]
[Site "Sochi RUS"]
[Date "2009.08.23"]
[EventDate "2009.08.23"]
[Round "1"]
[Result "1-0"]
[White "Ding Liren"]
[Black "Evgeny Tomashevsky"]
[WhiteElo "2530"]
[BlackElo "2689"]
[PlyCount "141"]

1. d4 d6 2. Nf3 Bg4 3. c4 Nd7 4. Nc3 g6 5. e4 Bg7 6. Be2 c5
7. d5 Ngf6 8. O-O O-O 9. h3 Bxf3 10. Bxf3 a6 11. Be2 Qc7
12. a4 e6 13. dxe6 fxe6 14. Bg5 Rae8 15. Qd2 Ne5 16. Rad1 Nf7
17. Bf4 Rd8 18. Bh2 Qa5 19. f4 Nd7 20. f5 exf5 21. exf5 Be5
22. fxg6 hxg6 23. Bg4 Bxh2+ 24. Kxh2 Nde5 25. Be6 Kg7 26. Qf4
Rde8 27. Qf6+ Kh7 28. Ne4 Qd8 29. Bd5 Qe7 30. Ng5+ Kh6 31. Ne6
Qxf6 32. Rxf6 Rh8 33. Rdf1 Ng5 34. Nxg5 Kxg5 35. Rxd6 Rd8
36. Re6 Rde8 37. Rb6 Ng4+ 38. Kg3 Ne3 39. Rf3 Nxd5 40. cxd5
Rh7 41. Rff6 Rg7 42. h4+ Kh5 43. Rbe6 Rxe6 44. dxe6 g5
45. hxg5 Kxg5 46. Rf7 Rg6 47. e7 Re6 48. a5 Kg6 49. e8=Q Rxe8
50. Rxb7 Re2 51. Kf3 Rc2 52. g4 Kg5 53. Rg7+ Kf6 54. Ra7 Ke5
55. Rxa6 Rxb2 56. Rc6 Rb3+ 57. Ke2 Kd5 58. Rb6 Rg3 59. Rg6 Ra3
60. a6 c4 61. g5 Ra2+ 62. Ke3 Ra3+ 63. Kd2 Ra2+ 64. Kc3 Ra3+
65. Kb2 Rb3+ 66. Kc2 Ra3 67. Rf6 Ke5 68. Rb6 Kd4 69. g6 Ra2+
70. Kb1 Rg2 71. a7 1-0

[Event "Russia vs China (Blitz)"]
[Site "Sochi RUS"]
[Date "2009.08.23"]
[EventDate "2009.08.23"]
[Round "2"]
[Result "1-0"]
[White "Ian Nepomniachtchi"]
[Black "Ding Liren"]
[WhiteElo "2632"]
[BlackElo "2530"]
[PlyCount "79"]

1. e4 e6 2. Nc3 d5 3. Nf3 Nf6 4. e5 Nfd7 5. d4 c5 6. dxc5 Nc6
7. Bf4 Nxc5 8. h4 a6 9. a3 b5 10. h5 h6 11. Rh3 Bb7 12. b4 Ne4
13. Nxe4 dxe4 14. Nd2 Qd4 15. c3 Qd5 16. c4 bxc4 17. Nxc4 Rd8
18. Nb6 Qxd1+ 19. Rxd1 Be7 20. Rg3 Rxd1+ 21. Kxd1 Bg5 22. Bxg5
hxg5 23. Rxg5 Rh7 24. Nc4 f6 25. exf6 gxf6 26. Rc5 Kd7 27. g4
e5 28. Ne3 Nd4 29. Ra5 Kd6 30. Bxa6 Bc6 31. Bc4 f5 32. Nxf5+
Nxf5 33. gxf5 Rxh5 34. f6 Rf5 35. Ra6 Kc7 36. Ke1 Bb7 37. Re6
Bc8 38. Re7+ Kd6 39. Re8 Bd7 40. f7 1-0

[Event "Russia vs China (Blitz)"]
[Site "Sochi RUS"]
[Date "2009.08.23"]
[EventDate "2009.08.23"]
[Round "3"]
[Result "0-1"]
[White "Ding Liren"]
[Black "Nikita Vitiugov"]
[WhiteElo "2530"]
[BlackElo "2681"]
[PlyCount "96"]

1. d4 Nf6 2. Nf3 c5 3. d5 e6 4. c4 exd5 5. cxd5 Bd6 6. Nc3 Bc7
7. d6 Ba5 8. Bg5 h6 9. Bh4 O-O 10. e3 Bxc3+ 11. bxc3 b6
12. Bd3 Bb7 13. O-O Re8 14. Re1 g5 15. Nxg5 hxg5 16. Bxg5 Re6
17. Bf5 Qe8 18. Bxe6 Qxe6 19. e4 Nxe4 20. f3 Qg6 21. Bf4 Qf6
22. Qc1 Nxd6 23. Bxd6 Nc6 24. Qf4 Qxf4 25. Bxf4 Na5 26. Re7
Bc6 27. Rae1 Nc4 28. Re8+ Rxe8 29. Rxe8+ Kg7 30. Re2 a5
31. Kf2 b5 32. h4 b4 33. h5 bxc3 34. Rc2 Nb2 35. Be5+ Kh6
36. Bxc3 Na4 37. g4 d5 38. Bd2+ Kg7 39. h6+ Kg6 40. g5 d4
41. f4 Be4 42. Rc4 Nb2 43. Rc1 Nd3+ 44. Ke2 Nxc1+ 45. Bxc1 c4
46. Bb2 c3 47. Ba1 a4 48. a3 Kh5 0-1

[Event "Russia vs China (Blitz)"]
[Site "Sochi RUS"]
[Date "2009.08.23"]
[EventDate "2009.08.23"]
[Round "4"]
[Result "0-1"]
[White "Artyom Timofeev"]
[Black "Ding Liren"]
[WhiteElo "2681"]
[BlackElo "2530"]
[PlyCount "129"]

1. e4 e6 2. d4 d5 3. Nd2 dxe4 4. Nxe4 Nd7 5. Nf3 Ngf6 6. Nxf6+
Nxf6 7. Ne5 Nd7 8. Bf4 Nxe5 9. Bxe5 Bd7 10. Bd3 Bc6 11. Qg4 h5
12. Qe2 Qd7 13. O-O-O O-O-O 14. Kb1 f6 15. Bf4 Bxg2 16. Rhg1
Bc6 17. h4 Bd6 18. Bxd6 cxd6 19. f4 Kb8 20. Rg3 Rhe8 21. Qxh5
e5 22. fxe5 dxe5 23. dxe5 fxe5 24. a3 e4 25. Be2 Qc7 26. Rxd8+
Rxd8 27. Qg5 Rd7 28. h5 a6 29. Rg1 Qb6 30. Qf4+ Ka7 31. Rg3
Qd4 32. Qe3 Qxe3 33. Rxe3 Kb6 34. b4 Kc7 35. Kc1 Kd6 36. Kd2
Ke5+ 37. Ke1 Rf7 38. Rg3 Kf4 39. Rg6 Ke3 40. Rg3+ Kf4 41. Rg6
e3 42. Rg4+ Ke5 43. Bc4 Rf4 44. Rg5+ Kd4 45. Bd3 Rh4 46. Rxg7
Bf3 47. Rg1 Rxh5 48. Be2 Bxe2 49. Kxe2 Rh2+ 50. Kd1 Rd2+
51. Ke1 Rxc2 52. Rg7 Ra2 53. Rxb7 Rxa3 54. b5 a5 55. b6 Kc5
56. Rb8 Kc6 57. b7 Kc7 58. Re8 Kxb7 59. Ke2 a4 60. Re6 Rb3
61. Re4 a3 62. Ra4 Kb6 63. Kd1 Kb5 64. Re4 Rc3 65. Ke1 0-1

[Event "Russia vs China (Blitz)"]
[Site "Sochi RUS"]
[Date "2009.08.23"]
[EventDate "2009.08.23"]
[Round "6"]
[Result "1-0"]
[White "Evgeny Tomashevsky"]
[Black "Ding Liren"]
[WhiteElo "2689"]
[BlackElo "2530"]
[PlyCount "90"]

1. d4 Nf6 2. Nf3 g6 3. Bg5 Bg7 4. Nbd2 O-O 5. c3 d5 6. e3 Nbd7
7. Be2 Re8 8. O-O e5 9. Rc1 c6 10. Bh4 a5 11. c4 exd4 12. Nxd4
Ne5 13. cxd5 Qxd5 14. Nc4 Nxc4 15. Bxc4 Qd7 16. Qf3 Qg4
17. Bg3 Qxf3 18. gxf3 Nd7 19. Rfd1 Nb6 20. Be2 Be6 21. Nxe6
Rxe6 22. Rc2 Be5 23. Kf1 Bxg3 24. hxg3 Kf8 25. e4 Ke7 26. Rd3
a4 27. Rd4 Nd7 28. a3 Rd6 29. Rb4 b5 30. f4 f6 31. Bg4 Nb6
32. e5 fxe5 33. fxe5 Rd5 34. Rxc6 Nc4 35. Rcxc4 bxc4 36. Bf3
Rda5 37. Bxa8 Rxa8 38. Rxc4 Ke6 39. f4 Kf5 40. Kf2 Rb8 41. Rb4
Rc8 42. Kf3 h5 43. Rb6 Rf8 44. Ra6 g5 45. Rh6 Rd8 1-0

[Event "Russia vs China (Blitz)"]
[Site "Sochi RUS"]
[Date "2009.08.23"]
[EventDate "2009.08.23"]
[Round "8"]
[Result "0-1"]
[White "Nikita Vitiugov"]
[Black "Ding Liren"]
[WhiteElo "2681"]
[BlackElo "2530"]
[PlyCount "72"]

1. d4 Nf6 2. Bg5 d5 3. Bxf6 exf6 4. e3 Bd6 5. c4 dxc4 6. Bxc4
f5 7. Nc3 O-O 8. Nge2 Nd7 9. Qc2 Nf6 10. a3 c6 11. h3 Re8
12. O-O-O b5 13. Bb3 a5 14. g4 b4 15. axb4 axb4 16. Na4 Ne4
17. Nf4 Bxf4 18. exf4 Be6 19. Bxe6 Rxe6 20. f3 b3 21. Qxb3 Nf2
22. d5 Rd6 23. Nc5 Nxh1 24. Nb7 Qb8 25. Kc2 Rxd5 26. Rxd5 cxd5
27. Qxd5 Qc7+ 28. Nc5 Rc8 29. b4 Ng3 30. Kb3 Ne2 31. gxf5 Nxf4
32. Qe4 Nxh3 33. f6 g6 34. Qh4 Nf4 35. Qg5 Ne6 36. Qh6 Qb6 0-1

[Event "Russia vs China (Blitz)"]
[Site "Sochi RUS"]
[Date "2009.08.23"]
[EventDate "2009.08.23"]
[Round "9"]
[Result "0-1"]
[White "Ding Liren"]
[Black "Artyom Timofeev"]
[WhiteElo "2530"]
[BlackElo "2681"]
[PlyCount "64"]

1. d4 d5 2. c4 e6 3. Nf3 c6 4. Bg5 Be7 5. Bxe7 Qxe7 6. Nc3 Nf6
7. e3 O-O 8. Be2 b6 9. a4 dxc4 10. Bxc4 Bb7 11. O-O c5
12. dxc5 Qxc5 13. b3 Nc6 14. Rc1 Rfd8 15. Qe2 Qb4 16. Na2 Qa3
17. Nc3 Na5 18. Nb5 Qb4 19. Nbd4 Ne4 20. Nxe6 fxe6 21. Bxe6+
Kh8 22. Ne5 Ng5 23. Bf5 Rf8 24. Bb1 Qh4 25. f4 Nf7 26. Nd7
Rfd8 27. Rc7 Qe7 28. Qh5 Nh6 29. Rd1 Bc6 30. Ne5 Qxc7
31. Rxd8+ Rxd8 32. Ng6+ hxg6 0-1

[Event "Maotai Prince Cup Kings"]
[Site "Jinzhou"]
[Date "2009.09.17"]
[EventDate "?"]
[Round "1"]
[Result "1/2-1/2"]
[White "Wang Hao"]
[Black "Ding Liren"]
[WhiteElo "2690"]
[BlackElo "2530"]
[PlyCount "73"]

1.d4 Nf6 2.c4 g6 3.Nc3 Bg7 4.e4 d6 5.Nf3 O-O 6.Be2 e5 7.O-O
Nc6 8.d5 Ne7 9.Ne1 Nd7 10.f3 f5 11.g4 Kh8 12.Nd3 Ng8 13.Kh1
fxg4 14.fxg4 Bh6 15.Bxh6 Rxf1+ 16.Qxf1 Nxh6 17.Qf2 g5 18.Rf1
a6 19.c5 dxc5 20.Nxc5 Nxc5 21.Qxc5 Kg7 22.Qf2 Qe7 23.d6 Qxd6
24.Nd5 Bd7 25.Nf6 Be8 26.Qe3 Bg6 27.Qxg5 Ng8 28.Nxg8 Rxg8
29.Rd1 h6 30.Rxd6 hxg5 31.Re6 Re8 32.Rxe8 Bxe8 33.b4 Bb5
34.Bxb5 axb5 35.Kg2 b6 36.Kf3 c5 37.a3 1/2-1/2

[Event "Maotai Prince Cup Kings"]
[Site "Jinzhou"]
[Date "2009.09.18"]
[EventDate "?"]
[Round "2"]
[Result "1/2-1/2"]
[White "Zhou Jianchao"]
[Black "Ding Liren"]
[WhiteElo "2623"]
[BlackElo "2530"]
[PlyCount "42"]

1.d4 Nf6 2.c4 g6 3.Nc3 Bg7 4.e4 d6 5.f3 O-O 6.Be3 Nc6 7.Nge2
a6 8.Qd2 Rb8 9.Rc1 Bd7 10.Ng3 e5 11.d5 Ne7 12.Be2 Nh5 13.Nxh5
gxh5 14.f4 exf4 15.Bxf4 Ng6 16.Bg5 Bf6 17.Bh6 Be5 18.O-O Qh4
19.g3 Bxg3 20.hxg3 Qxg3+ 21.Kh1 Qh3+ 1/2-1/2

[Event "Maotai Prince Cup Kings"]
[Site "Jinzhou"]
[Date "2009.09.19"]
[EventDate "?"]
[Round "3"]
[Result "1-0"]
[White "Ding Liren"]
[Black "Bu Xiangzhi"]
[WhiteElo "2530"]
[BlackElo "2702"]
[PlyCount "265"]

1.d4 Nf6 2.c4 e6 3.Nf3 d5 4.Nc3 Bb4 5.Qa4+ Nc6 6.e3 O-O 7.Bd2
a6 8.a3 Bd6 9.c5 Be7 10.Bd3 e5 11.Nxe5 Nxe5 12.dxe5 Nd7 13.Qc2
Nxe5 14.Bxh7+ Kh8 15.Bf5 Bxc5 16.Ne2 Qh4 17.O-O Bd6 18.h3 Qg5
19.Bxc8 Nf3+ 20.Kh1 Nxd2 21.Qxd2 Raxc8 22.Rad1 Qf6 23.Qxd5
Qxb2 24.Nd4 Qxa3 25.Qxb7 Be5 26.Nc6 Bf6 27.Rd5 Ra8 28.Qxc7 Qa2
29.Rh5+ Kg8 30.Kg1 Qe2 31.Rf5 Rfe8 32.Qb7 Qc4 33.Rf4 Qc5
34.Ra4 a5 35.Rb1 Rac8 36.Nxa5 Qf5 37.Rc4 Rb8 38.Qxb8 Rxb8
39.Rxb8+ Kh7 40.Nc6 Qd3 41.Rc1 Bh4 42.Rb2 Bf6 43.Rbb1 Qe4
44.Nd4 Bxd4 45.Rb4 Qxe3 46.fxe3 Bxe3+ 47.Kf1 Bxc1 48.Ke2 g6
49.Rb7 Kg7 50.Kf3 Kf6 51.Ke4 Ke6 52.Rb6+ Ke7 53.Ke5 Bd2
54.Rb7+ Ke8 55.Rc7 Be3 56.Rc8+ Ke7 57.g4 Bg5 58.Rc7+ Ke8
59.Ra7 Bh4 60.Kd6 Bg3+ 61.Kc6 Bh4 62.Kd5 Bg3 63.Ra8+ Ke7
64.Rh8 Be1 65.Rg8 Bg3 66.Rh8 Be1 67.Rb8 Bg3 68.Rb3 Bh4 69.Re3+
Kd7 70.Re4 Bg5 71.Kd4 Bh4 72.Ke3 Bg5+ 73.Kf3 Be7 74.Kf4 Bf6
75.Re2 Be7 76.Re4 Ke8 77.h4 Kf8 78.h5 gxh5 79.gxh5 Ba3 80.Kf5
Kg7 81.Rg4+ Kh6 82.Rg3 Bc1 83.Rh3 Bb2 84.Rb3 Bd4 85.Ke4 Bc5
86.Rf3 Bb4 87.Rf5 Bd2 88.Kf3 Kg7 89.Kg4 Bc1 90.Rf3 Bd2 91.Kf5
Bc1 92.Ke5 Bd2 93.Kd6 Bc1 94.Ke7 Kh6 95.Rh3 Kg7 96.h6+ Kh7
97.Kxf7 Bb2 98.Ke6 Bc1 99.Rh1 Bd2 100.Kf5 Be3 101.Kf6 Bd2
102.Rd1 Be3 103.Rd3 Bc1 104.Rb3 Bd2 105.Rg3 Bc1 106.Rg2 Be3
107.Rh2 Bf4 108.Rh1 Be3 109.Kf7 Bd2 110.Rh3 Bg5 111.Rc3 Bd2
112.Rc6 Be3 113.Rg6 Bd4 114.Rd6 Be3 115.Rc6 Bd2 116.Rc2 Bf4
117.Rc6 Be3 118.Ra6 Bd2 119.Rb6 Be3 120.Rb3 Bg5 121.Rh3 Bc1
122.Ke6 Bd2 123.Kf5 Bc1 124.Rc3 Bd2 125.Rc6 Be3 126.Rf6 Bd2
127.Kg4 Bxh6 128.Kh5 Be3 129.Rf7+ Kg8 130.Kg6 Bg1 131.Rf3 Bh2
132.Rh3 Bg1 133.Rh1 1-0

[Event "Maotai Prince Cup Kings"]
[Site "Jinzhou"]
[Date "2009.09.22"]
[EventDate "?"]
[Round "5"]
[Result "0-1"]
[White "Ding Liren"]
[Black "Zhang Pengxiang"]
[WhiteElo "2530"]
[BlackElo "2616"]
[PlyCount "114"]

1.d4 d5 2.c4 c6 3.Nf3 Nf6 4.Nc3 a6 5.c5 Nbd7 6.Bf4 Nh5 7.e3
Nxf4 8.exf4 g6 9.h4 Bg7 10.Qd2 b6 11.cxb6 Rb8 12.Rc1 Nxb6
13.h5 Qd6 14.Bd3 Nc4 15.Bxc4 dxc4 16.Ne5 O-O 17.Nd1 Rd8
18.hxg6 hxg6 19.Rxc4 Be6 20.Rxc6 Qxd4 21.Qxd4 Rxd4 22.O-O Rxf4
23.Nxg6 Re4 24.f3 Re2 25.Nf4 Bd4+ 26.Kh1 Kg7 27.Nh5+ Kg6 28.g4
Kg5 29.b3 Rc8 30.Rxc8 Bxc8 31.Ng3 Rxa2 32.Nc3 Bxc3 33.Ne4+ Kf4
34.Nxc3 Rd2 35.Ne4 Rc2 36.Kg1 Bb7 37.b4 Ra2 38.Re1 Bxe4
39.Rxe4+ Kg3 40.Re1 Rb2 41.g5 e5 42.Ra1 Rxb4 43.Kf1 Kxf3
44.Ra3+ Kf4 45.g6 Rb1+ 46.Kf2 Rb2+ 47.Kf1 fxg6 48.Rxa6 g5
49.Rf6+ Ke4 50.Rg6 g4 51.Rf6 Ke3 52.Rf8 e4 53.Kg1 Rd2 54.Rf7
Kd3 55.Rd7+ Ke2 56.Rf7 e3 57.Rf4 Kd3 0-1

[Event "Maotai Prince Cup Kings"]
[Site "Jinzhou"]
[Date "2009.09.24"]
[EventDate "?"]
[Round "7"]
[Result "1-0"]
[White "Ding Liren"]
[Black "Li Chao"]
[WhiteElo "2530"]
[BlackElo "2617"]
[PlyCount "107"]

1.d4 Nf6 2.c4 g6 3.Nc3 d5 4.cxd5 Nxd5 5.e4 Nxc3 6.bxc3 Bg7
7.Be3 c5 8.Rc1 Qa5 9.Qd2 O-O 10.Nf3 Rd8 11.d5 e6 12.Bg5 f6
13.c4 Nc6 14.Qxa5 Nxa5 15.Be3 b6 16.Bd3 f5 17.exf5 gxf5 18.Bg5
Rd6 19.Bf4 Rd8 20.Bg5 Rd6 21.Bf4 Rd7 22.O-O exd5 23.Rfe1 dxc4
24.Bxf5 Rd8 25.Bc2 Bg4 26.Ne5 Rd4 27.g3 Bh5 28.Re3 Re8 29.Rce1
Rf8 30.Kg2 Be8 31.Be4 b5 32.Nf3 Bc6 33.Bxc6 Nxc6 34.Nxd4 cxd4
35.Re6 Nb4 36.Bd6 Nxa2 37.Bxf8 Bxf8 38.Rf6 Kg7 39.Ra6 Nc3
40.Rxa7+ Kf6 41.Re8 Bb4 42.Ra6+ Kf7 43.Rd8 d3 44.Rd7+ Be7
45.Raa7 Kf6 46.Rxe7 d2 47.Red7 d1=Q 48.Rxd1 Nxd1 49.Rb7 Nc3
50.f4 Ke6 51.Kf3 Kd6 52.f5 Nd5 53.Rxb5 c3 54.Ke2 1-0

[Event "6th TCh-CHN"]
[Site "Ningbo CHN"]
[Date "2010.04.18"]
[EventDate "?"]
[Round "3"]
[Result "1-0"]
[White "Ding Liren"]
[Black "Wei Yi"]
[WhiteElo "2565"]
[BlackElo "2244"]
[PlyCount "75"]

1. d4 d5 2. c4 e6 3. Nf3 c5 4. cxd5 exd5 5. Nc3 Nc6 6. g3 Nf6
7. Bg2 Be7 8. O-O O-O 9. dxc5 Bxc5 10. Na4 Be7 11. Be3 b6
12. Rc1 Bb7 13. Nc3 Qd7 14. Qa4 Na5 15. Qxd7 Nxd7 16. Nd4 Nf6
17. Nf5 Bb4 18. Bd4 Rfd8 19. Bxf6 gxf6 20. Rfd1 Nc4 21. Nxd5
Bxd5 22. Bxd5 Rac8 23. Rd4 b5 24. a3 Bc5 25. Rg4+ Kf8 26. Bxc4
Bb6 27. Rc2 bxc4 28. Rgxc4 Rxc4 29. Rxc4 Rd1+ 30. Kg2 Ke8
31. Re4+ Kd8 32. Rh4 Rd2 33. Kf3 Rxb2 34. Rxh7 Rb3+ 35. e3
Rxa3 36. Rxf7 Rd3 37. h4 Ke8 38. Rb7 1-0

[Event "9th Asian Continental"]
[Site "Olongapo City PHI"]
[Date "2010.04.21"]
[EventDate "2010.04.21"]
[Round "1"]
[Result "0-1"]
[White "Wang Chen"]
[Black "Ding Liren"]
[WhiteElo "2390"]
[BlackElo "2565"]
[PlyCount "70"]

1. e4 c5 2. Nf3 e6 3. c4 Nc6 4. Nc3 Nf6 5. Be2 Qb6 6. O-O Be7
7. d3 d6 8. Be3 Ng4 9. Qd2 O-O 10. Bg5 Nge5 11. Bxe7 Nxe7
12. Rab1 N7c6 13. a3 a5 14. Nb5 Rd8 15. Rfd1 Bd7 16. Qe3 Nxf3+
17. Bxf3 Nd4 18. Nxd4 cxd4 19. Qe2 e5 20. Bg4 Be8 21. f4 Qc7
22. Rdc1 a4 23. fxe5 dxe5 24. c5 Ra5 25. Qc2 Rda8 26. Qc4 R8a6
27. b4 axb3 28. Rxb3 Rxa3 29. Rxa3 Rxa3 30. Qd5 Rc3 31. Ra1 h5
32. Bf5 g6 33. Ra8 Qe7 34. Qd8 Kf8 35. Qd6 Rxc5 0-1

[Event "9th Asian Continental"]
[Site "Olongapo City PHI"]
[Date "2010.04.22"]
[EventDate "2010.04.21"]
[Round "2"]
[Result "1-0"]
[White "Ding Liren"]
[Black "Lou Yiping"]
[WhiteElo "2565"]
[BlackElo "2429"]
[PlyCount "79"]

1. Nf3 Nf6 2. c4 c5 3. Nc3 Nc6 4. d4 cxd4 5. Nxd4 e6 6. a3 Be7
7. e4 O-O 8. Nf3 Qc7 9. Bd3 b6 10. O-O Bb7 11. Bg5 Rad8
12. Qd2 d6 13. Rfd1 h6 14. Bh4 Ng4 15. Nb5 Qb8 16. Bxe7 Nxe7
17. Re1 Ne5 18. Nbd4 N7g6 19. Rac1 Rc8 20. Nxe5 dxe5 21. Nb3
Rfd8 22. Qe3 Qd6 23. Bf1 Ne7 24. c5 bxc5 25. Rxc5 Nc6 26. Rec1
Nd4 27. Na5 Rxc5 28. Nxb7 Rxc1 29. Nxd6 Rd1 30. Nc4 Rc8
31. Nxe5 Rcc1 32. g3 Rxf1+ 33. Kg2 Rg1+ 34. Kh3 Rcd1 35. Qc3
f6 36. Qc8+ Kh7 37. Nd7 e5 38. Nf8+ Kg8 39. Ng6+ Kh7 40. Ne7
1-0

[Event "9th Asian Continental"]
[Site "Olongapo City PHI"]
[Date "2010.04.23"]
[EventDate "2010.04.21"]
[Round "3"]
[Result "1/2-1/2"]
[White "Yu Ruiyuan"]
[Black "Ding Liren"]
[WhiteElo "2309"]
[BlackElo "2565"]
[PlyCount "82"]

1. e4 c5 2. Nf3 e6 3. d4 cxd4 4. Nxd4 a6 5. Bd3 Bc5 6. Nb3 Be7
7. O-O d6 8. c4 Nf6 9. Nc3 b6 10. Be3 Bb7 11. f4 Nbd7 12. Nd2
O-O 13. Rc1 Qb8 14. Qe2 Rd8 15. Bd4 e5 16. Be3 b5 17. cxb5
axb5 18. Bxb5 d5 19. exd5 Nxd5 20. Nxd5 Bxd5 21. a3 Bf6
22. Kh1 h5 23. Bc4 Qb7 24. Bxd5 Qxd5 25. Qxh5 g6 26. Qf3 Qxf3
27. Nxf3 exf4 28. Bd4 Bxd4 29. Nxd4 Ne5 30. Nc6 Nxc6 31. Rxc6
Rd2 32. h4 Rxb2 33. Rxf4 Ra7 34. Rc3 Ra2 35. Rff3 Ra4 36. Rc8+
Kg7 37. Rc7 Rxh4+ 38. Kg1 Rg4 39. Rcxf7+ Kg8 40. Rf2 Ra1+
41. Kh2 Rxa3 1/2-1/2

[Event "9th Asian Continental"]
[Site "Olongapo City PHI"]
[Date "2010.04.24"]
[EventDate "2010.04.21"]
[Round "4"]
[Result "1/2-1/2"]
[White "Ding Liren"]
[Black "Ni Hua"]
[WhiteElo "2565"]
[BlackElo "2667"]
[PlyCount "63"]

1. d4 d5 2. c4 c6 3. Nc3 Nf6 4. e3 a6 5. Nf3 b5 6. b3 Bg4
7. h3 Bxf3 8. Qxf3 e5 9. dxe5 Bb4 10. Bd2 Bxc3 11. Bxc3 Ne4
12. Bb4 bxc4 13. Qg4 c5 14. f3 cxb4 15. fxe4 O-O 16. exd5 Qxd5
17. Bxc4 Qxe5 18. O-O Nc6 19. Qf3 Qc7 20. Rac1 Ne5 21. Qe4 Qb8
22. Rf5 Nxc4 23. Rxc4 a5 24. Qf4 g6 25. Rd5 Ra7 26. Qxb8 Rxb8
27. Rdd4 Rb5 28. Kf2 h5 29. e4 Kg7 30. Kf3 Kf6 31. Rc6+ Ke7
32. Rdc4 1/2-1/2